000 00432nam a22001817a 4500
003 MPLRDC
005 20220104114123.0
008 210129b ||||| |||| 00| 0 eng d
020 _a7-80539-008-8
082 _a782.28 ZXJ
100 _a张星久 等编
245 _a中国十奸臣外传
_c
250 _a一版一刷
260 _a
_b荆楚书社
_c1988
300 _b
650 _a中国传记
942 _cBK
_o782.28 ZXJ
999 _c4979
_d4969